1972 1805 1625 1111 1882 1328 1567 1208 1792 1954 1152 1832 1917 1898 1905 1032 1518 1097 1087 1572 1954 1667 1303 1132 1371 1904 1488 1558 1384 1875 1158 1164 1744 1820 1470 1801 1291 1944 1343 1690 1161 1237 1327 1054 1250 1000 1836 1086 1427 1411 1296 1321 1679 1182 1340 1735 1464 1150 1767 1504 1133 1427 1669 1549 1418 1993 1170 1302 1578 1870 1355 1419 1576 1611 1774 1360 1619 1877 1300 1384 1385 1433 1690 1404 1219 1185 1878 1394 1173 1797 1120 1855 1945 1027 1156 1964 1788 1096 1131 BCNSPRNW ULIB Ver.6.0+V

เปลี่ยนเป็นภาษาไทย

Change to English
 แสดงรายละเอียดบรรณานุกรม
  กลับหน้าหลัก

Brief Record : Get Marc (ISO 2709) : E-mail record : QR code < ปิดหน้าต่าง
LEADER : 00000nam 2200000uu 4500
001    13399115156
003     ULIB
008    120713s2553||||th 000 0 tha d
020    9786169030362
099    นว.^bก881จ
100 0  แก่นฝัน
245 00 เจาะระบบหัวใจ^cแก่นฝัน
260    กรุงเทพฯ:^bCoolkat,^c2553
945    ^p195^l0^i17066
995    เกษร
999 ^a ใช้งานได้ทุกระบบ
รายการนี้ยังไม่มีแท็ก
คุณยังไม่ได้ล็อกอิน คุณสามารถมีกิจกรรมร่วมกับเว็บไซต์ได้ แต่ต้องล็อกอินก่อน ::
  ล็อกอิน

รายการสื่อสารสนเทศ

ลำดับที่ ประเภท เลขเรียก/บาร์โค้ด สถานที่ สถานะ
- ไม่พบข้อมูล -

รายการใกล้เคียง
    ผู้แต่ง [แก่นฝัน]

BibComment


ยังไม่เคยถูกคอมเมนท์

คอมเมนท์ทรัพยากรรายการนี้
  คอมเมนท์: เจาะระบบหัวใจ แก่..


 Copyright 2026. Bcnsprnw @Library